000 00943nam a2200277 a 4500
001 000044326
003 DO-SdBNP
005 20250409145212.0
008 140613s2009 dr a 000 0 spa d
020 _a9789945447187
040 _aDO-SdBNP
_bspa
_cBNPHU
082 _a398.961
_bS714h
100 1 _aSoriano, Félix
_938272
245 1 4 _aDel habla popular /
_cFélix Soriano.
260 _aSanto Domingo :
_bUniversitaria UASD,
_c2009.
300 _a246 p. :
_bil ;
_c21 cm.
500 _aIncluye datos biográficos del autor en la solapa de la contracubierta
504 _aBibliografía : p. 245-246
590 _aInventariado, 2018/VM
650 4 _aProvérbios dominicanos
_972335
650 0 _aFolclore
_zRepública Dominicana
_933448
650 4 _aAforismo y apotegmas
_zRepública Dominicana
_972336
710 1 2 _aUniversidad Autónoma de Santo Domingo
_972951
910 _aValidado. Control de calidad MFF
942 _2ddc
_cLBS1
999 _c43815
_d43815